01064nam a2200265 a 4500001001000000003000500010005001700015008004100032010001100073011001100084040000900095100003500104245019800139260004100337500006000378502010900438650002400547650002000571650002000591650002300611650003700634650003000671650002700701856007000728000111015CHAP20220329144154.0141125s2014 mx a fsm |||||||spa d a107477 a108449 cCHAP1 aVentura Terán, José Miguel10aEfectividad biológica de dos hongos entomopatógenos en el control de Bactericera cockerelli (SULC) en cultivo de chile (Capsicum annuum L.)h[En línea]cpor José Miguel Ventura Terán. aChapingo, Méx. :bEl autor,c2014. aPara ver el contenido del material haga clic en la liga aTesis (Ing. Agr. Esp. en Parasitología Agrícola) -- UACH. Departamento de Parasitología Agrícola14aBeauveria bassiana.14aCapsicum annum.14aChile piquín.14aControl de plagas.14aCultivos en invernaderoxPlagas.14aHongos entomopatógenos.14aParatrioza cockerelli. aFinding aiduhttp://10.13.5.2/tesis/sist111015.pdfzTeclea aquí